[Event "DVM U14 2014"]
[Site "Regensburg GER"]
[Date "2014.12.29"]
[Round "6"]
[White "Balazs, Balint"]
[Black "Ramien, David"]
[Result "0-1"]
[Termination "normal"]
[Board "1.2"]
[WhiteElo "1851"]
[BlackElo "1985"]
[WhiteClock "00:16:14"]
[BlackClock "00:38:36"]
[WhiteTeam "Hagener SV"]
[BlackTeam "SG Porz"]
[PlyCount "100"]
[WhiteFideId "12922757"]
[BlackFideId "12948241"]
[EventCountry "GER"]
[EventRounds "7"]
[EventType "team-swiss"]
[EventDate "2014.12.26"]

1. e4 {[%clk 1:30:56]} c5 {[%clk 1:30:55]} 2. Nf3 {[%clk 1:31:21]} d6 {[%clk
1:31:21]} 3. d4 {[%clk 1:31:46]} cxd4 {[%clk 1:31:48]} 4. Nxd4 {[%clk 1:32:06]}
Nf6 {[%clk 1:32:14]} 5. Nc3 {[%clk 1:32:28]} Nc6 {[%clk 1:32:40]} 6. Bg5 {[%clk
1:32:12]} e6 {[%clk 1:33:05]} 7. f3 {[%clk 1:31:44]} Be7 {[%clk 1:33:08]} 8.
Qd2 {[%clk 1:31:50]} O-O {[%clk 1:29:28]} 9. O-O-O {[%clk 1:30:59]} Nxd4 {[%clk
1:29:10]} 10. Qxd4 {[%clk 1:31:09]} Qa5 {[%clk 1:29:13]} 11. h4 {[%clk
1:27:13]} a6 {[%clk 1:26:42]} 12. Bd2 {[%clk 1:26:39]} Qc7 {[%clk 1:23:51]} 13.
g4 {[%clk 1:22:47]} b5 {[%clk 1:23:00]} 14. h5 {[%clk 1:19:40]} Nd7 {[%clk
1:20:05]} 15. g5 {[%clk 1:18:37]} Qc5 {[%clk 1:19:55]} 16. Qg1 {[%clk 1:11:34]}
Qxg1 {[%clk 1:20:08]} 17. Rxg1 {[%clk 1:11:58]} Ne5 {[%clk 1:19:34]} 18. Be2
{[%clk 1:08:14]} Bb7 {[%clk 1:17:44]} 19. Bf4 {[%clk 1:03:21]} Rfd8 {[%clk
1:16:18]} 20. g6 {[%clk 0:55:40]} fxg6 {[%clk 1:12:05]} 21. Bxe5 {[%clk
0:55:55]} dxe5 {[%clk 1:12:30]} 22. hxg6 {[%clk 0:55:17]} h6 {[%clk 1:10:50]}
23. Bd3 {[%clk 0:51:39]} Bg5+ {[%clk 1:09:06]} 24. Kb1 {[%clk 0:52:01]} Bc6
{[%clk 1:08:57]} 25. a4 {[%clk 0:50:21]} Rab8 {[%clk 0:59:43]} 26. axb5 {[%clk
0:41:28]} axb5 {[%clk 0:59:00]} 27. Be2 {[%clk 0:40:02]} b4 {[%clk 0:51:37]}
28. Na2 {[%clk 0:39:15]} Rd4 {[%clk 0:41:11]} 29. Nc1 {[%clk 0:35:37]} Be3
{[%clk 0:39:31]} 30. Rgf1 {[%clk 0:35:14]} Rbd8 {[%clk 0:35:59]} 31. Nd3 {[%clk
0:35:18]} Bb5 {[%clk 0:35:52]} 32. Rfe1 {[%clk 0:31:38]} b3 {[%clk 0:35:52]}
33. Nxe5 {[%clk 0:25:25]} Bxe2 {[%clk 0:36:09]} 34. Rxd4 {[%clk 0:24:49]} Rxd4
{[%clk 0:36:30]} 35. cxb3 {[%clk 0:23:31]} Rd1+ {[%clk 0:36:18]} 36. Rxd1
{[%clk 0:23:55]} Bxd1 {[%clk 0:36:47]} 37. b4 {[%clk 0:23:25]} Bb3 {[%clk
0:36:18]} 38. Nd7 {[%clk 0:22:58]} h5 {[%clk 0:36:15]} 39. f4 {[%clk 0:16:21]}
h4 {[%clk 0:36:03]} 40. f5 {[%clk 0:16:24]} exf5 {[%clk 0:36:12]} 41. exf5
{[%clk 0:16:41]} h3 {[%clk 0:36:18]} 42. f6 {[%clk 0:16:57]} gxf6 {[%clk
0:36:36]} 43. Nxf6+ {[%clk 0:17:22]} Kg7 {[%clk 0:36:55]} 44. Ng4 {[%clk
0:17:40]} Bf4 {[%clk 0:37:01]} 45. b5 {[%clk 0:17:28]} Be6 {[%clk 0:37:05]} 46.
Nf2 {[%clk 0:16:57]} h2 {[%clk 0:37:24]} 47. b4 {[%clk 0:16:30]} Bg3 {[%clk
0:37:21]} 48. Nh1 {[%clk 0:16:54]} Be1 {[%clk 0:37:46]} 49. b6 {[%clk 0:16:04]}
Bd5 {[%clk 0:38:10]} 50. b7 {[%clk 0:16:14]} Bxb7 {[%clk 0:38:36]} 0-1

[Event "DVM U14 2014"]
[Site "Regensburg GER"]
[Date "2014.12.29"]
[Round "6"]
[White "Kagan, Dennis"]
[Black "Hoppe, Andreas"]
[Result "1/2-1/2"]
[Termination "normal"]
[Board "1.3"]
[WhiteElo "1926"]
[BlackElo "1758"]
[WhiteClock "00:13:04"]
[BlackClock "00:17:42"]
[WhiteTeam "SG Porz"]
[BlackTeam "Hagener SV"]
[PlyCount "70"]
[WhiteFideId "12983578"]
[BlackFideId "12922811"]
[EventCountry "GER"]
[EventRounds "7"]
[EventType "team-swiss"]
[EventDate "2014.12.26"]

1. e4 {[%clk 1:30:57]} e6 {[%clk 1:30:51]} 2. d4 {[%clk 1:31:23]} d5 {[%clk
1:31:18]} 3. exd5 {[%clk 1:31:47]} exd5 {[%clk 1:31:44]} 4. Bd3 {[%clk
1:32:09]} Bd6 {[%clk 1:32:04]} 5. c3 {[%clk 1:32:15]} Nf6 {[%clk 1:32:14]} 6.
Ne2 {[%clk 1:32:04]} Bg4 {[%clk 1:32:19]} 7. h3 {[%clk 1:30:49]} Bh5 {[%clk
1:32:38]} 8. Bg5 {[%clk 1:29:44]} Nbd7 {[%clk 1:32:06]} 9. Nd2 {[%clk 1:24:26]}
O-O {[%clk 1:32:04]} 10. O-O {[%clk 1:22:04]} Re8 {[%clk 1:31:26]} 11. Re1
{[%clk 1:22:05]} c6 {[%clk 1:30:37]} 12. Nf1 {[%clk 1:19:41]} Qc7 {[%clk
1:29:39]} 13. Qc2 {[%clk 1:18:10]} Bg6 {[%clk 1:29:37]} 14. Neg3 {[%clk
1:15:12]} Bxd3 {[%clk 1:25:48]} 15. Qxd3 {[%clk 1:15:35]} h6 {[%clk 1:24:25]}
16. Bd2 {[%clk 1:14:30]} Nb6 {[%clk 1:23:45]} 17. Qf3 {[%clk 1:05:39]} Qd8
{[%clk 1:17:23]} 18. Bf4 {[%clk 1:03:29]} Bxf4 {[%clk 1:15:46]} 19. Qxf4 {[%clk
1:03:44]} Nc4 {[%clk 1:15:10]} 20. Rxe8+ {[%clk 0:58:29]} Nxe8 {[%clk 1:13:13]}
21. Ne3 {[%clk 0:50:04]} Qd6 {[%clk 1:07:08]} 22. Qxd6 {[%clk 0:42:27]} Nexd6
{[%clk 1:06:32]} 23. Ngf5 {[%clk 0:39:26]} Rd8 {[%clk 1:04:07]} 24. Nxd6 {[%clk
0:36:24]} Nxd6 {[%clk 1:04:09]} 25. Re1 {[%clk 0:32:21]} Re8 {[%clk 1:03:42]}
26. Kf1 {[%clk 0:30:40]} Kf8 {[%clk 1:03:19]} 27. Re2 {[%clk 0:25:32]} Re6
{[%clk 1:01:11]} 28. Rc2 {[%clk 0:21:07]} Ke7 {[%clk 0:32:12]} 29. Re2 {[%clk
0:18:20]} g6 {[%clk 0:30:54]} 30. Rc2 {[%clk 0:17:47]} h5 {[%clk 0:29:56]} 31.
g3 {[%clk 0:17:30]} Kf6 {[%clk 0:29:07]} 32. Ng2 {[%clk 0:15:21]} Nf5 {[%clk
0:25:33]} 33. Nf4 {[%clk 0:13:52]} Re7 {[%clk 0:19:24]} 34. Nd3 {[%clk
0:13:17]} h4 {[%clk 0:18:51]} 35. g4 {[%clk 0:13:04]} Nd6 {[%clk 0:17:42]}
1/2-1/2

[Event "DVM U14 2014"]
[Site "Regensburg GER"]
[Date "2014.12.29"]
[Round "6"]
[White "Buchloh, Falk"]
[Black "Sewald, Kathrin"]
[Result "0-1"]
[Termination "normal"]
[Board "1.4"]
[WhiteElo "1558"]
[BlackElo "1503"]
[WhiteClock "00:08:21"]
[BlackClock "00:18:22"]
[WhiteTeam "Hagener SV"]
[BlackTeam "SG Porz"]
[PlyCount "51"]
[WhiteFideId "12960691"]
[BlackFideId "12964557"]
[EventCountry "GER"]
[EventRounds "7"]
[EventType "team-swiss"]
[EventDate "2014.12.26"]

1. e4 {[%clk 1:30:57]} e5 {[%clk 1:30:56]} 2. Nf3 {[%clk 1:31:19]} Nc6 {[%clk
1:31:21]} 3. Bc4 {[%clk 1:31:38]} Bc5 {[%clk 1:31:47]} 4. d3 {[%clk 1:31:48]}
Nf6 {[%clk 1:31:09]} 5. Nc3 {[%clk 1:31:24]} d6 {[%clk 1:31:17]} 6. Bg5 {[%clk
1:28:43]} h6 {[%clk 1:31:24]} 7. Be3 {[%clk 1:27:20]} Bb6 {[%clk 1:31:14]} 8.
O-O {[%clk 1:26:38]} Bd7 {[%clk 1:25:57]} 9. Ne2 {[%clk 1:16:39]} Ne7 {[%clk
1:25:17]} 10. c3 {[%clk 1:16:25]} g5 {[%clk 1:23:17]} 11. Bxb6 {[%clk 1:15:38]}
axb6 {[%clk 1:22:57]} 12. Qd2 {[%clk 1:05:41]} Ng6 {[%clk 1:12:51]} 13. Ng3
{[%clk 0:50:33]} Nf4 {[%clk 1:09:29]} 14. d4 {[%clk 0:44:19]} Qe7 {[%clk
0:59:49]} 15. Rfe1 {[%clk 0:41:51]} O-O-O {[%clk 0:50:40]} 16. Qc2 {[%clk
0:35:15]} c5 {[%clk 0:18:49]} 17. Qb3 {[%clk 0:30:28]} Kc7 {[%clk 0:17:57]} 18.
dxe5 {[%clk 0:25:43]} dxe5 {[%clk 0:17:41]} 19. Bxf7 {[%clk 0:21:40]} Ra8
{[%clk 0:16:51]} 20. Bc4 {[%clk 0:19:39]} Ba4 {[%clk 0:17:05]} 21. Nf5 {[%clk
0:18:31]} Qh7 {[%clk 0:17:01]} 22. Qa3 {[%clk 0:12:57]} Bc2 {[%clk 0:17:29]}
23. Qxa8 {[%clk 0:13:09]} Rxa8 {[%clk 0:17:58]} 24. Nxe5 {[%clk 0:10:44]} Bxe4
{[%clk 0:18:22]} 25. Ne3 {[%clk 0:10:29]} Bd5 26. Bxd5 {[%clk 0:08:21]} 0-1

[Event "DVM U14 2014"]
[Site "Regensburg GER"]
[Date "2014.12.29"]
[Round "6"]
[White "Biastoch, Bennet"]
[Black "Browning, Alex"]
[Result "1-0"]
[Termination "normal"]
[Board "2.1"]
[WhiteElo "1940"]
[BlackElo "1753"]
[WhiteClock "00:04:42"]
[BlackClock "00:41:49"]
[WhiteTeam "SG Aufbau Elbe Magdeburg"]
[BlackTeam "Märkischer Springer Halver-Schalksmühle"]
[PlyCount "85"]
[WhiteFideId "12939889"]
[BlackFideId "12984019"]
[EventCountry "GER"]
[EventRounds "7"]
[EventType "team-swiss"]
[EventDate "2014.12.26"]

1. e4 {[%clk 1:30:46]} c5 {[%clk 1:30:41]} 2. Nf3 {[%clk 1:30:58]} d6 {[%clk
1:31:00]} 3. d4 {[%clk 1:30:55]} cxd4 {[%clk 1:31:23]} 4. Nxd4 {[%clk 1:30:58]}
Nf6 {[%clk 1:31:37]} 5. Nc3 {[%clk 1:31:06]} a6 {[%clk 1:31:49]} 6. Be3 {[%clk
1:30:54]} e5 {[%clk 1:32:08]} 7. Nb3 {[%clk 1:30:51]} Be7 {[%clk 1:32:22]} 8.
f3 {[%clk 1:30:57]} O-O {[%clk 1:32:12]} 9. Qd2 {[%clk 1:30:35]} Be6 {[%clk
1:32:14]} 10. O-O-O {[%clk 1:29:43]} a5 {[%clk 1:32:14]} 11. Qe1 {[%clk
1:28:44]} Qc8 {[%clk 1:32:00]} 12. a4 {[%clk 1:26:24]} Na6 {[%clk 1:30:55]} 13.
g4 {[%clk 1:24:51]} Nb4 {[%clk 1:29:30]} 14. g5 {[%clk 1:24:29]} Nd7 {[%clk
1:28:11]} 15. Kb1 {[%clk 1:21:43]} d5 {[%clk 1:22:55]} 16. exd5 {[%clk
1:21:17]} Bxd5 {[%clk 1:22:38]} 17. Rxd5 {[%clk 1:21:10]} Nxd5 {[%clk 1:21:44]}
18. Nxd5 {[%clk 1:21:30]} Bd8 {[%clk 1:19:31]} 19. Bb5 {[%clk 1:17:53]} Kh8
{[%clk 1:17:11]} 20. h4 {[%clk 1:03:01]} Nb8 {[%clk 1:12:04]} 21. h5 {[%clk
0:58:09]} Qf5 {[%clk 1:08:08]} 22. h6 {[%clk 0:39:07]} g6 {[%clk 1:07:35]} 23.
Bc5 {[%clk 0:31:16]} Rg8 {[%clk 1:05:25]} 24. Bd3 {[%clk 0:25:15]} Qe6 {[%clk
1:04:07]} 25. Nf4 {[%clk 0:21:28]} Qe8 {[%clk 1:01:14]} 26. Nh3 {[%clk
0:21:31]} Nc6 {[%clk 0:59:53]} 27. Bb5 {[%clk 0:18:33]} Bc7 {[%clk 0:59:27]}
28. Nf2 {[%clk 0:17:11]} Qe6 {[%clk 0:58:03]} 29. Qc3 {[%clk 0:15:59]} Rgd8
{[%clk 0:56:24]} 30. Re1 {[%clk 0:14:21]} Rd5 {[%clk 0:55:47]} 31. Bc4 {[%clk
0:14:24]} Rad8 {[%clk 0:54:24]} 32. Bxd5 {[%clk 0:13:30]} Rxd5 {[%clk 0:54:26]}
33. Nd3 {[%clk 0:12:35]} Qf5 {[%clk 0:47:50]} 34. f4 {[%clk 0:10:59]} Kg8
{[%clk 0:47:47]} 35. fxe5 {[%clk 0:09:59]} Nxe5 {[%clk 0:46:47]} 36. Nxe5
{[%clk 0:09:59]} Bxe5 {[%clk 0:46:48]} 37. Bd4 {[%clk 0:08:19]} f6 {[%clk
0:46:23]} 38. Bxe5 {[%clk 0:08:43]} Rxe5 {[%clk 0:46:19]} 39. Rxe5 {[%clk
0:07:45]} fxe5 {[%clk 0:46:24]} 40. Qc4+ {[%clk 0:06:43]} Kf8 {[%clk 0:45:17]}
41. Qc7 {[%clk 0:06:43]} e4 {[%clk 0:41:57]} 42. Qxh7 {[%clk 0:04:22]} e3
{[%clk 0:41:49]} 43. Qg7+ {[%clk 0:04:42]} 1-0

[Event "DVM U14 2014"]
[Site "Regensburg GER"]
[Date "2014.12.29"]
[Round "6"]
[White "Kölz, Niklas"]
[Black "Roseneck, Jonas"]
[Result "0-1"]
[Termination "normal"]
[Board "2.2"]
[WhiteElo "1719"]
[BlackElo "1850"]
[WhiteClock "00:38:03"]
[BlackClock "00:24:09"]
[WhiteTeam "Märkischer Springer Halver-Schalksmühle"]
[BlackTeam "SG Aufbau Elbe Magdeburg"]
[PlyCount "118"]
[WhiteFideId "12971758"]
[BlackFideId "12939870"]
[EventCountry "GER"]
[EventRounds "7"]
[EventType "team-swiss"]
[EventDate "2014.12.26"]

1. e4 {[%clk 1:30:56]} c5 {[%clk 1:30:29]} 2. Nf3 {[%clk 1:31:08]} d6 {[%clk
1:30:22]} 3. d4 {[%clk 1:31:17]} cxd4 {[%clk 1:30:33]} 4. Nxd4 {[%clk 1:31:27]}
Nf6 {[%clk 1:30:31]} 5. Nc3 {[%clk 1:31:41]} a6 {[%clk 1:30:20]} 6. Bg5 {[%clk
1:31:51]} e6 {[%clk 1:29:03]} 7. f4 {[%clk 1:31:46]} Be7 {[%clk 1:28:01]} 8.
Qf3 {[%clk 1:31:35]} h6 {[%clk 1:27:44]} 9. Bh4 {[%clk 1:25:40]} Qc7 {[%clk
1:27:01]} 10. Bf2 {[%clk 1:25:00]} Nbd7 {[%clk 1:25:04]} 11. Bd3 {[%clk
1:11:02]} b5 {[%clk 1:15:17]} 12. a3 {[%clk 1:07:35]} Bb7 {[%clk 1:14:56]} 13.
g4 {[%clk 1:04:25]} g5 {[%clk 1:03:15]} 14. fxg5 {[%clk 1:00:26]} Ne5 {[%clk
1:02:55]} 15. Qh3 {[%clk 0:58:20]} Nfxg4 {[%clk 1:01:25]} 16. Bg3 {[%clk
0:53:50]} Bxg5 {[%clk 0:57:31]} 17. Qh5 {[%clk 0:52:15]} O-O-O {[%clk 0:46:44]}
18. h3 {[%clk 0:50:30]} Nf6 {[%clk 0:34:51]} 19. Qe2 {[%clk 0:50:22]} h5 {[%clk
0:30:37]} 20. Rf1 {[%clk 0:49:28]} Nfd7 {[%clk 0:29:22]} 21. Bf2 {[%clk
0:48:17]} Nc4 {[%clk 0:26:36]} 22. Bg3 {[%clk 0:44:36]} Nxb2 {[%clk 0:17:43]}
23. Ncxb5 {[%clk 0:42:56]} axb5 24. Nxb5 {[%clk 0:42:47]} Qa5+ {[%clk 0:14:59]}
25. c3 {[%clk 0:42:23]} Nc5 {[%clk 0:12:54]} 26. Bb1 {[%clk 0:39:05]} Nba4
{[%clk 0:09:37]} 27. Qc4 {[%clk 0:31:45]} Ba6 {[%clk 0:08:38]} 28. Na7+ {[%clk
0:28:13]} Kb7 {[%clk 0:08:55]} 29. Rxf7+ {[%clk 0:28:16]} Ka8 {[%clk 0:07:48]}
30. Nc6 {[%clk 0:27:27]} Bxc4 {[%clk 0:07:50]} 31. Nxa5 {[%clk 0:27:29]} Bb5
{[%clk 0:07:17]} 32. c4 {[%clk 0:27:06]} Be8 {[%clk 0:07:05]} 33. Rf3 {[%clk
0:26:59]} Ka7 {[%clk 0:06:33]} 34. Nb3 Nxb3 {[%clk 0:06:59]} 35. Rxb3 {[%clk
0:26:19]} Nc5 {[%clk 0:07:17]} 36. Rb4 {[%clk 0:25:59]} Bc6 {[%clk 0:06:33]}
37. Bc2 {[%clk 0:25:49]} Nxe4 {[%clk 0:06:00]} 38. Bxe4 {[%clk 0:25:46]} Bxe4
{[%clk 0:06:28]} 39. c5 {[%clk 0:25:51]} Bc6 {[%clk 0:06:10]} 40. cxd6 {[%clk
0:25:19]} Be3 {[%clk 0:02:32]} 41. Rc4 {[%clk 0:19:14]} Bd5 {[%clk 0:29:15]}
42. Ra4+ {[%clk 0:47:36]} Kb6 {[%clk 0:28:55]} 43. Rb1+ {[%clk 0:47:19]} Kc5
{[%clk 0:28:52]} 44. Ke2 {[%clk 0:46:16]} Bh6 {[%clk 0:27:49]} 45. Ra5+ {[%clk
0:44:22]} Kd4 {[%clk 0:23:02]} 46. Rb4+ {[%clk 0:44:14]} Bc4+ {[%clk 0:23:09]}
47. Kd1 {[%clk 0:44:06]} Kd3 {[%clk 0:22:43]} 48. Rc5 {[%clk 0:40:28]} Rc8
{[%clk 0:22:01]} 49. Rbxc4 {[%clk 0:39:26]} Rxc5 {[%clk 0:22:07]} 50. Rxc5
{[%clk 0:39:50]} Rb8 {[%clk 0:22:11]} 51. Ke1 {[%clk 0:38:39]} Rb1+ {[%clk
0:22:22]} 52. Kf2 {[%clk 0:38:44]} Be3+ {[%clk 0:22:45]} 53. Kg2 {[%clk
0:38:25]} Bxc5 {[%clk 0:23:11]} 54. d7 {[%clk 0:38:00]} Bb6 {[%clk 0:22:59]}
55. Bh4 {[%clk 0:37:55]} Rg1+ {[%clk 0:23:22]} 56. Kf3 {[%clk 0:38:00]} Rg8
{[%clk 0:23:47]} 57. Kf4 {[%clk 0:38:03]} Bd8 {[%clk 0:23:35]} 58. Be1 {[%clk
0:37:57]} Rg7 {[%clk 0:23:49]} 59. Ke5 {[%clk 0:38:03]} Rxd7 {[%clk 0:24:09]}
0-1

[Event "DVM U14 2014"]
[Site "Regensburg GER"]
[Date "2014.12.29"]
[Round "6"]
[White "Lellek, Lewin Louis"]
[Black "Browning, Rebecca"]
[Result "0-1"]
[Termination "normal"]
[Board "2.3"]
[WhiteElo "1541"]
[BlackElo "1471"]
[WhiteClock "00:17:21"]
[BlackClock "00:54:25"]
[WhiteTeam "SG Aufbau Elbe Magdeburg"]
[BlackTeam "Märkischer Springer Halver-Schalksmühle"]
[PlyCount "144"]
[WhiteFideId "12971820"]
[BlackFideId "12984027"]
[EventCountry "GER"]
[EventRounds "7"]
[EventType "team-swiss"]
[EventDate "2014.12.26"]

1. e4 {[%clk 1:30:59]} e6 {[%clk 1:30:53]} 2. d4 {[%clk 1:31:03]} b6 {[%clk
1:31:10]} 3. Nc3 {[%clk 1:30:14]} Bb7 {[%clk 1:31:05]} 4. a3 {[%clk 1:27:21]}
Be7 {[%clk 1:31:16]} 5. Bd3 {[%clk 1:27:37]} d6 {[%clk 1:29:42]} 6. Nf3 {[%clk
1:27:03]} Nd7 {[%clk 1:29:09]} 7. O-O {[%clk 1:26:36]} Ngf6 {[%clk 1:29:05]} 8.
Re1 {[%clk 1:25:20]} h6 {[%clk 1:29:16]} 9. Bf4 {[%clk 1:17:41]} O-O {[%clk
1:25:38]} 10. Qd2 {[%clk 1:16:00]} Nh5 {[%clk 1:21:08]} 11. Be3 {[%clk
1:12:03]} Nhf6 {[%clk 1:20:13]} 12. Rad1 {[%clk 1:07:02]} c5 {[%clk 1:16:06]}
13. h3 {[%clk 1:01:20]} a6 {[%clk 1:09:59]} 14. Qe2 {[%clk 0:54:44]} Qc7 {[%clk
1:06:00]} 15. Bd2 {[%clk 0:47:58]} b5 {[%clk 1:04:31]} 16. b3 {[%clk 0:47:31]}
Nb6 {[%clk 1:03:42]} 17. e5 {[%clk 0:39:07]} Nfd5 {[%clk 1:01:51]} 18. Nxd5
{[%clk 0:37:51]} Nxd5 {[%clk 1:00:19]} 19. c4 {[%clk 0:37:14]} bxc4 {[%clk
0:59:16]} 20. bxc4 {[%clk 0:37:06]} Nb6 {[%clk 0:58:59]} 21. Rb1 {[%clk
0:36:32]} Nd7 {[%clk 0:57:22]} 22. Bf4 {[%clk 0:34:28]} Rfb8 {[%clk 0:55:58]}
23. Be4 {[%clk 0:30:49]} Nb6 {[%clk 0:49:43]} 24. Bxb7 {[%clk 0:28:37]} Rxb7
{[%clk 0:49:47]} 25. Qe4 {[%clk 0:25:52]} Rab8 {[%clk 0:49:05]} 26. Nd2 {[%clk
0:22:46]} d5 {[%clk 0:48:39]} 27. cxd5 {[%clk 0:22:42]} Nxd5 {[%clk 0:49:00]}
28. Rxb7 {[%clk 0:21:59]} Rxb7 {[%clk 0:47:41]} 29. Rc1 {[%clk 0:16:53]} Nxf4
{[%clk 0:47:24]} 30. Qxf4 {[%clk 0:17:14]} Bg5 {[%clk 0:47:44]} 31. Qe4 {[%clk
0:16:44]} Bxd2 {[%clk 0:47:59]} 32. Rxc5 {[%clk 0:17:00]} Qb8 {[%clk 0:47:36]}
33. Qc2 {[%clk 0:16:19]} Rb1+ {[%clk 0:46:17]} 34. Kh2 {[%clk 0:16:37]} Bf4+
{[%clk 0:46:39]} 35. g3 {[%clk 0:16:24]} Bxg3+ {[%clk 0:46:53]} 36. Kxg3 {[%clk
0:16:10]} Qb3+ {[%clk 0:47:15]} 37. Qc3 {[%clk 0:13:26]} Qxc3+ {[%clk 0:46:42]}
38. Rxc3 {[%clk 0:13:46]} Rd1 {[%clk 0:47:04]} 39. Rc8+ {[%clk 0:12:49]} Kh7
{[%clk 0:47:21]} 40. Ra8 {[%clk 0:11:20]} Rd3+ {[%clk 0:47:44]} 41. f3 {[%clk
0:11:36]} Rxa3 {[%clk 0:48:07]} 42. Kf4 {[%clk 0:11:46]} Ra4 {[%clk 0:47:33]}
43. Ke4 {[%clk 0:11:43]} Ra1 {[%clk 0:46:57]} 44. Kf4 {[%clk 0:11:09]} a5
{[%clk 0:46:41]} 45. Ke4 {[%clk 0:10:46]} a4 {[%clk 0:46:58]} 46. Kf4 {[%clk
0:10:43]} a3 {[%clk 0:47:18]} 47. Ke3 {[%clk 0:10:44]} a2 {[%clk 0:47:37]} 48.
Kf4 {[%clk 0:10:31]} g5+ {[%clk 0:48:00]} 49. Ke3 {[%clk 0:09:26]} Re1+ {[%clk
0:48:09]} 50. Kd3 {[%clk 0:09:37]} a1=Q {[%clk 0:48:27]} 51. Rxa1 {[%clk
0:10:04]} Rxa1 {[%clk 0:48:47]} 52. Ke4 {[%clk 0:10:27]} Rh1 {[%clk 0:49:01]}
53. d5 {[%clk 0:10:48]} exd5+ {[%clk 0:49:14]} 54. Kxd5 {[%clk 0:11:12]} Rxh3
{[%clk 0:49:38]} 55. Ke4 {[%clk 0:11:33]} Kg6 {[%clk 0:49:59]} 56. f4 {[%clk
0:11:45]} Rh4 {[%clk 0:50:12]} 57. Kf3 {[%clk 0:12:08]} Rxf4+ {[%clk 0:50:30]}
58. Kg3 {[%clk 0:12:34]} Re4 {[%clk 0:50:44]} 59. Kf3 {[%clk 0:12:46]} Rxe5
{[%clk 0:51:03]} 60. Kg4 {[%clk 0:13:11]} f5+ {[%clk 0:51:14]} 61. Kg3 {[%clk
0:13:05]} Re3+ {[%clk 0:51:37]} 62. Kf2 {[%clk 0:13:28]} Ra3 {[%clk 0:51:22]}
63. Kg2 {[%clk 0:13:50]} h5 {[%clk 0:51:41]} 64. Kf2 {[%clk 0:14:15]} h4 {[%clk
0:51:57]} 65. Kg2 {[%clk 0:14:41]} g4 {[%clk 0:52:17]} 66. Kf2 {[%clk 0:15:06]}
h3 {[%clk 0:52:35]} 67. Kg1 {[%clk 0:15:33]} g3 {[%clk 0:52:52]} 68. Kf1 {[%clk
0:15:56]} f4 {[%clk 0:53:11]} 69. Ke2 {[%clk 0:16:11]} h2 {[%clk 0:53:26]} 70.
Kd2 {[%clk 0:16:30]} h1=Q {[%clk 0:53:45]} 71. Ke2 {[%clk 0:16:58]} Qh2+ {[%clk
0:53:59]} 72. Kf1 {[%clk 0:17:21]} Ra1# {[%clk 0:54:25]} 0-1

[Event "DVM U14 2014"]
[Site "Regensburg GER"]
[Date "2014.12.29"]
[Round "6"]
[White "Sailer, Tom"]
[Black "Kirsten, Annika"]
[Result "1-0"]
[Termination "normal"]
[Board "2.4"]
[WhiteElo "1333"]
[BlackElo "1428"]
[WhiteClock "00:16:42"]
[BlackClock "00:11:24"]
[WhiteTeam "Märkischer Springer Halver-Schalksmühle"]
[BlackTeam "SG Aufbau Elbe Magdeburg"]
[PlyCount "57"]
[WhiteFideId "16200675"]
[BlackFideId "12961124"]
[EventCountry "GER"]
[EventRounds "7"]
[EventType "team-swiss"]
[EventDate "2014.12.26"]

1. d4 {[%clk 1:30:54]} Nf6 {[%clk 1:30:50]} 2. Nf3 {[%clk 1:30:37]} g6 {[%clk
1:30:53]} 3. Bf4 {[%clk 1:30:17]} Bg7 {[%clk 1:30:31]} 4. e3 {[%clk 1:29:19]}
O-O {[%clk 1:29:47]} 5. Bd3 {[%clk 1:28:35]} Nc6 {[%clk 1:28:28]} 6. c3 {[%clk
1:27:20]} d5 {[%clk 1:22:32]} 7. Nbd2 {[%clk 1:24:01]} e6 {[%clk 1:18:15]} 8.
h3 {[%clk 1:18:36]} Nd7 {[%clk 1:12:51]} 9. Bh2 {[%clk 1:07:38]} e5 {[%clk
1:08:24]} 10. Nxe5 {[%clk 1:04:49]} Ndxe5 {[%clk 0:59:28]} 11. Bxe5 {[%clk
1:05:09]} Nxe5 {[%clk 0:59:33]} 12. dxe5 {[%clk 1:05:32]} Bxe5 {[%clk 0:59:32]}
13. Nf3 {[%clk 1:05:14]} Bg7 {[%clk 0:59:01]} 14. O-O {[%clk 1:03:35]} Qd6
{[%clk 0:45:42]} 15. Bc2 {[%clk 0:56:57]} Be6 {[%clk 0:40:53]} 16. Nd4 {[%clk
0:44:56]} Bd7 {[%clk 0:35:12]} 17. Bb3 {[%clk 0:43:51]} c6 {[%clk 0:35:17]} 18.
Nf3 {[%clk 0:39:31]} Rfe8 {[%clk 0:32:55]} 19. Re1 {[%clk 0:38:46]} Rad8 {[%clk
0:30:59]} 20. e4 {[%clk 0:32:31]} Be6 {[%clk 0:25:12]} 21. exd5 {[%clk
0:23:31]} Bxd5 {[%clk 0:24:27]} 22. Rxe8+ Rxe8 {[%clk 0:24:48]} 23. c4 {[%clk
0:24:00]} Rd8 {[%clk 0:18:55]} 24. cxd5 {[%clk 0:21:55]} cxd5 {[%clk 0:19:09]}
25. Qd2 {[%clk 0:20:32]} d4 {[%clk 0:15:07]} 26. Rd1 {[%clk 0:19:39]} h5 {[%clk
0:14:37]} 27. Qa5 {[%clk 0:17:09]} a6 {[%clk 0:14:36]} 28. Ng5 {[%clk 0:16:42]}
Rf8 {[%clk 0:11:24]} 29. Qd5 1-0

[Event "DVM U14 2014"]
[Site "Regensburg GER"]
[Date "2014.12.29"]
[Round "6"]
[White "Killgus, Leonard"]
[Black "Schnabel, Bennett"]
[Result "0-1"]
[Termination "normal"]
[Board "3.1"]
[WhiteElo "1724"]
[BlackElo "1841"]
[WhiteTeam "SK Johanneum Eppendorf"]
[BlackTeam "Treptower SV 1949"]
[PlyCount "120"]
[WhiteFideId "12922021"]
[BlackFideId "12943290"]
[EventCountry "GER"]
[EventRounds "7"]
[EventType "team-swiss"]
[EventDate "2014.12.26"]

1. e4 c5 2. Nf3 g6 3. d4 cxd4 4. Nxd4 Bg7 5. c4 Nc6 6. Nc2 d6 7. Nc3 Nf6 8. Be2
O-O 9. O-O b6 10. Qd2 Bb7 11. f3 Rc8 12. Rb1 Ne5 13. b3 Qd7 14. Bb2 Rfd8 15.
Nd5 Qe8 16. Nce3 Nfd7 17. f4 Nc6 18. Bxg7 Kxg7 19. Ng4 f6 20. Nge3 Nc5 21. Bf3
e6 22. Nc3 e5 23. f5 g5 24. b4 Nd7 25. Bd1 Nd4 26. Ba4 Qf7 27. Ncd5 Bxd5 28.
cxd5 a6 29. Rfc1 b5 30. Bb3 Nb6 31. Nc2 Nxc2 32. Rxc2 Rxc2 33. Qxc2 Rc8 34. Qd2
Qc7 35. Rb2 Nc4 36. Bxc4 Qxc4 37. Qe3 h5 38. Kf2 Qc3 39. Qxc3 Rxc3 40. Re2 Rc4
41. a3 g4 42. g3 {(=)} Kh6 43. Re3 Kg5 44. Re1 Rc2+ 45. Re2 Rc4 46. Re1 Kh6 47.
Re2 Kg7 48. Re1 Kf7 49. Re2 Ke7 50. Re1 Kd7 51. Re3 Kc7 52. Rd3 Kb6 53. Ke3 a5
54. Rb3 axb4 55. axb4 Rc2 56. Rb1 Rxh2 57. Rc1 Rg2 58. Rc6+ Kb7 59. Rxd6 Rxg3+
60. Kf2 Rf3+ 0-1